Las enfermedades infecciosas de las plantas
Saved in:
| Main Author: | |
|---|---|
| Format: | Book |
| Language: | Spanish |
| Published: |
Buenos Aires
Sudamericana
1952
|
| Subjects: | |
| Tags: |
Add Tag
No Tags, Be the first to tag this record!
|
MARC
| LEADER | 00000nam a2200000 a 4500 | ||
|---|---|---|---|
| 001 | UCR0397 | ||
| 003 | CL-VaPUC | ||
| 008 | 971205e19520000AG |||||||||||||||||spa|d | ||
| 082 | 0 | 4 | |a 632.4 |b MAR |2 21 |
| 100 | |a Marchionatto, Juan B. |e autor |9 395995 | ||
| 245 | 1 | 4 | |a Las enfermedades infecciosas de las plantas |
| 300 | |a 112 p | ||
| 942 | |c BK | ||
| 945 | |d 19971205 00:00:00 |a jquezada | ||
| 260 | |a Buenos Aires |b Sudamericana |c 1952 | ||
| 650 | 0 | |a Fitopatología vegetal |9 395996 | |
| 650 | 0 | |a Enfermedades de las plantas |9 259687 | |
| 650 | 0 | |a Enfermedades infecciosas |9 337719 | |
| 650 | 0 | |a Control biológico |9 338554 | |
| 650 | 0 | |a Parásitos |9 346252 | |
| 650 | 0 | |a Epidemiología |9 271159 | |
| 583 | |a last modification |c 19971205 00:00:00 |k Rodrigo Vera | ||
| 999 | |c 263921 |d 263919 | ||